Stories from Don Quixote (Record no. 3163)
[ view plain ]
| 000 -CABECERA | |
|---|---|
| campo de control de longitud fija | 01353nam a2200337 a 4500 |
| 001 - NÚMERO DE CONTROL | |
| campo de control | BRCA_3427 |
| 005 - FECHA Y HORA DE LA ÚLTIMA TRANSACCIÓN | |
| campo de control | 20190320204258.0 |
| 041 ## - CÓDIGO DE LENGUA | |
| Código de lengua del texto/banda sonora o título independiente | eng |
| 044 ## - CÓDIGO DEL PAÍS DE LA ENTIDAD EDITORA/PRODUCTORA | |
| Código MARC del país | enk |
| 084 ## - OTRO NÚMERO DE CLASIFICACIÓN | |
| Número de clasificación | 716 |
| Número de documento/Ítem | .J33 |
| -- | 1950 |
| 100 1# - ENTRADA PRINCIPAL--NOMBRE DE PERSONA | |
| Nombre de persona | Cervantes Saavedra, Miguel de |
| Fechas asociadas al nombre | 1547-1616 |
| 9 (RLIN) | 213 |
| 245 10 - MENCIÓN DE TÍTULO | |
| Título | Stories from Don Quixote |
| Mención de responsabilidad, etc. | Told to the Children by John Lang. |
| 260 ## - PUBLICACIÓN, DISTRIBUCIÓN, ETC. | |
| Lugar de publicación, distribución, etc. | Londres : Nueva York |
| Nombre del editor, distribuidor, etc. | T. C. and E. C. Jack : E. P. Dutton and Co. |
| Fecha de publicación, distribución, etc. | 1950 |
| 300 ## - DESCRIPCIÓN FÍSICA | |
| Extensión | vii, 120 p. |
| Otras características físicas | il. a color |
| Dimensiones | 15 cm. |
| 440 #0 - MENCIÓN DE SERIE/PUNTO DE ACCESO ADICIONAL--TÍTULO | |
| Título | Told to the Children Series |
| 9 (RLIN) | 8983 |
| 500 ## - NOTA GENERAL | |
| Nota general | Contenido : Serie de episodios quijotescos compendiados |
| 500 ## - NOTA GENERAL | |
| Nota general | Edición : With Pictures by F. M. B. Blaikie |
| 500 ## - NOTA GENERAL | |
| Nota general | Compendio muy abreviado para niños por J. Lanc. Ilustrado por Blaikie. Tela; lomo y plano decorados con motivos quijotescos Lúdovik Osterc |
| 500 ## - NOTA GENERAL | |
| Nota general | Incluye índice : De historias |
| 500 ## - NOTA GENERAL | |
| Nota general | QMB65 |
| 546 ## - NOTA DE LENGUA/LENGUAJE | |
| Nota de lengua/lenguaje | Texto en : inglés |
| 650 14 - PUNTO DE ACCESO ADICIONAL DE MATERIA--TÉRMINO DE MATERIA | |
| Término de materia o nombre geográfico como elemento de entrada | Novela española |
| Subdivisión cronológica | Época clásica, 1500-1700 |
| 9 (RLIN) | 215 |
| 650 14 - PUNTO DE ACCESO ADICIONAL DE MATERIA--TÉRMINO DE MATERIA | |
| Término de materia o nombre geográfico como elemento de entrada | Literatura española |
| Subdivisión cronológica | Época clásica, 1500-1700 |
| 9 (RLIN) | 216 |
| 650 14 - PUNTO DE ACCESO ADICIONAL DE MATERIA--TÉRMINO DE MATERIA | |
| Término de materia o nombre geográfico como elemento de entrada | Novela española |
| Subdivisión cronológica | Siglo XVII |
| 9 (RLIN) | 217 |
| 650 14 - PUNTO DE ACCESO ADICIONAL DE MATERIA--TÉRMINO DE MATERIA | |
| Término de materia o nombre geográfico como elemento de entrada | Don Quijote (Personaje ficticio) |
| Término indicativo de función/relación | Novela |
| 9 (RLIN) | 218 |
| 700 1# - PUNTO DE ACCESO ADICIONAL--NOMBRE DE PERSONA | |
| Nombre de persona | Lanc, John |
| Fechas asociadas al nombre | 1816-1864 |
| Término indicativo de función/relación | Editor |
| 9 (RLIN) | 8984 |
| 700 1# - PUNTO DE ACCESO ADICIONAL--NOMBRE DE PERSONA | |
| Nombre de persona | Blaikie, F. M. B. |
| Término indicativo de función/relación | Ilustrador |
| 9 (RLIN) | 8985 |
| 740 0# - PUNTO DE ACCESO ADICIONAL--TÍTULO RELACIONADO O ANALÍTICO NO CONTROLADO | |
| Título relacionado o analítico no controlado | El Ingenioso Hidalgo Don Quijote de la Mancha |
| 902 ## - CATALOGADOR | |
| Iniciales | QFM |
| 942 ## - ELEMENTOS DE PUNTO DE ACCESO ADICIONAL (KOHA) | |
| Fuente del sistema de clasificación o colocación | Library of Congress Classification |
| Tipo de ítem Koha | Libros |
| Estado de retiro | Estado de pérdida | Estado dañado | No para préstamo | Localización permanente | Ubicación/localización actual | Fecha de adquisición | Número de inventario | Total de préstamos | Signatura topográfica completa | Código de barras | Fecha visto por última vez | Precio válido a partir de | Tipo de ítem Koha |
|---|---|---|---|---|---|---|---|---|---|---|---|---|---|
| El ejemplar forma parte de la colección y puede ser consultado según las políticas vigentes. | Biblioteca del Museo Franz Mayer (Rogerio Casas-Alatriste) | Biblioteca del Museo Franz Mayer (Rogerio Casas-Alatriste) | 13/04/2009 | QMB65 | 716 .J33 1950 (QMB65) | 3424 | 22/03/2019 | 22/03/2019 | Libros |